| 000 | 00643nam a2200217 a 4500 | ||
|---|---|---|---|
| 999 |
_c5430 _d5430 |
||
| 001 | 5430 | ||
| 003 | BD-JhCC | ||
| 005 | 20171214113228.0 | ||
| 008 | 171214s1982 ru ||||| |||| 00| 0 ben d | ||
| 035 | _a(BD-JhCC)5430 | ||
| 040 |
_aBD-JhCC _dBD-JhCC |
||
| 041 | _aben | ||
| 082 |
_a891.443 _bGAI 1982 |
||
| 100 | _aগাইদার, আর্কাদি | ||
| 245 |
_aতিমুর ও তার দলবল / _c আর্কাদি গাইদার |
||
| 260 |
_aমস্কো : _bপ্রগতি প্রকাশন, _c1982. |
||
| 300 |
_a78 p. : _c22 cm |
||
| 650 | _aBengali Novel | ||
| 942 |
_2ddc _cBK |
||